Bilecik Bilecik Bilecik Bilecik Bilecik

Anahatlarıyla İslâm akâidi ve kelâm'a giriş/ (Record no. 38546)

MARC details
000 -BAŞLIK
Sabit Uzunluktaki Kontrol Alanı 00997nam a22003137a 4500
001 - KONTROL NUMARASI
Control Dosyası 0038696
003 - KONTROL NUMARASI KİMLİĞİ
Kontrol Alanı KOHA_MİRAKIL
005 - EN SON İŞLEM TARİHİ ve ZAMANI
Kontrol Alanı 20260207003109.0
007 - FİZİKSEL TANIM SABİT ALAN - GENEL BİLGİ
Sabit uzunluklu kontrol alanı ta
008 - SABİT UZUNLUKTAKİ VERİ ÖGELERİ - GENEL BİLGİ
Sabit Alan 121008b1993 tu |||gr||||#||||0|tur |
040 ## - KATALOGLAMA KAYNAĞI
Özgün Kataloglama Kurumu TR-BiSEU
Kataloglama Dili tur
Çeviri Kurumu TR-BiSEU
Açıklama Kuralları rda
041 0# - DİL KODU
Metin ya da ses kaydının dil kodu tur
044 ## - YAYINLAYAN/ÜRETEN KURULUŞUN ÜLKE KODU
ISO country code tu
050 ## - SINIFLAMA ve YER NUMARASI
Sınıflama Numarası BP163
Yer Numarası .K55 1993
100 1# - KİŞİ ADI
Yazar Adı (Kişi adı) Kılavuz, Ahmed Saim.
245 1# - ESER ADI BİLDİRİMİ
Başlık Anahatlarıyla İslâm akâidi ve kelâm'a giriş/
Sorumluluk Bildirimi Ahmed Saim Kılavuz ; A. Saim Kılavuz.
264 #1 - ÜRERİM, YAYIN, DAĞITIM ve TELİF BİLDİRİMİ
Yayın yeri İstanbul :
Yayınlayan Ensar Neşriyat
Yayın tarihi 1993
300 ## - FİZİKSEL TANIMLAMA
Sayfa, Cilt vb. 367 sayfa ;
Boyutları 18 cm.
336 ## - İÇERİK TÜRÜ
Content type term metin
Content type code txt
Source rdacontent
337 ## - MEDYA TÜRÜ
Media type term aracısız
Media type code n
Source rdamedia
338 ## - TAŞIYICI TÜRÜ
Carrier type term cilt
Carrier type code nc
Source rdacarrier
490 1# - DİZİ BİLDİRİMİ
Dizi Bildirimi Ensar Neşriyat ;
Cilt Numarası 38.
490 1# - DİZİ BİLDİRİMİ
Dizi Bildirimi Temel Kültür dizisi ;
Cilt Numarası 8
500 ## - GENEL NOT
Genel Not Includes bibliographical references (p. [340]-346) and index.
650 #0 - KONU BAŞLIĞI EK GİRİŞ - KONU TERİMİ
Konusal terim veya coğrafi ad Islam--Doctrines.
9 (RLIN) 24192
830 1# - SERİ EK GİRİŞİ - TEKBİÇİM ESER ADI
Tekbiçim Başlık Ensar Neşriyat ;
Volume number/sequential designation 38.
9 (RLIN) 39942
830 1# - SERİ EK GİRİŞİ - TEKBİÇİM ESER ADI
Tekbiçim Başlık Temel Kültür dizisi ;
Volume number/sequential designation 8
9 (RLIN) 72285
942 ## - EK GİRİŞ ÖGELERİ (KOHA)
Source of classification or shelving scheme Library of Congress Classification
Koha item type Book
Holdings
Materyal Türü Kalıcı Konum Mevcut Konum Raf Yeri Sınıflandırma Kaynağı Edinim Bilgisi Ana Konular Alt Konular Yer Numarası Demirbaş Numarası Fatura Tarihi Geri Çekilme Durumu Kayıp Durumu Hasarlı Durumu Kredi için değil Kayıt Tarih Toplam Ödünçverme Son Görülme Tarihi Son Kontrol Tarihi Genel / Bağış Notu
Book Prof. Dr. Azmi Özcan Kütüphanesi Prof. Dr. Azmi Özcan Kütüphanesi Uluğbey Salonu Library of Congress Classification Bağış FELSEFE, PSİKOLOJİ, DİN İslam, Bahailik, Teozofi vb. BP163 .K55 1993 0038696 02/02/2026         08/10/2012 3 05/12/2024 05/12/2024 Genel Bağış